00333nam a2200133 a 4500008004100000020001500041050001600056100001800072245003800090250001200128260002900140300002100169350000900190120416s0000 ||||||||||||||||| || u a1850911029 aHF 5635 Goc aGoch, Desmond10aFinance and accounts for managers a5th ed. aLondonbKogan Pagec1986 a(11) 128p. : ill a0.00